[Event "Arco op 44th"]
[Site "Arco"]
[Date "2022.10.10"]
[Round "3"]
[White "Bernath, Bence"]
[Black "Kostov, Deyan Samuil"]
[Result "0-1"]
[WhiteElo "2134"]
[BlackElo "2260"]
[PlyCount "120"]
[EventDate "2022.10.08"]
[EventType "swiss"]
[EventRounds "9"]
[EventCountry "ITA"]
[SourceTitle "CBM 210 Extra"]
[Source "ChessBase"]
[SourceDate "2022.11.30"]
[SourceVersion "1"]
[SourceVersionDate "2022.11.30"]
[SourceQuality "1"]

1. e4 c5 2. Nf3 e6 3. d4 cxd4 4. Nxd4 Nc6 5. Nc3 Qc7 6. Be3 a6 7. a3 Nf6 8. f4 d6 9. Qf3 Be7 10. 0-0-0 0-0 11. Nxc6 bxc6 12. g4 Rb8 13. g5 Nd7 14. h4 f5 15. exf5 exf5 16. Bc4+ d5 17. Bb3 Nc5 18. Bxc5 Bxc5 19. h5 Bb7 20. Rhe1 Rbe8 21. Re2 Rxe2 22. Nxe2 Re8 23. g6 h6 24. Rd3 Re4 25. Rc3 Qe7 26. Kd2 Qd6 27. Rd3 a5 28. c4 d4 29. Bc2 Ba6 30. Rb3 Bxc4 31. Bd3 Bd5 32. Rb7 Re3 33. Qf1 Be6 34. Qc1 Qd5 35. Qxc5 Rxe2+ 36. Kxe2 Qxc5 37. Rb8+ Qf8 38. Rxf8+ Kxf8 39. b4 axb4 40. axb4 Ke7 41. Ba6 Kd6 42. Kd2 Bd5 43. Bd3 Be4 44. Bc4 Bf3 45. Kd3 Bxh5 46. Kxd4 Bxg6 47. Ke3 Be8 48. Kf3 Bd7 49. Kg3 Be6 50. Be2 g5 51. Bf3 Bd5 52. Be2 Be4 53. Bc4 Ke7 54. Be2 Kf6 55. Bf1 h5 56. fxg5+ Kxg5 57. b5 cxb5 58. Bxb5 f4+ 59. Kf2 h4 60. Bf1 Kg4 0-1

[Event "Zalakaros Barczay Memorial"]
[Site "Zalakaros"]
[Date "2022.06.10"]
[Round "6"]
[White "Tulchynskyi, Feliks"]
[Black "Bernath, Bence"]
[Result "1/2-1/2"]
[WhiteElo "2026"]
[BlackElo "2202"]
[PlyCount "66"]
[EventDate "2022.06.05"]
[EventType "swiss"]
[EventRounds "9"]
[EventCountry "HUN"]
[SourceTitle "CBM 208 Extra"]
[Source "ChessBase"]
[SourceDate "2022.07.31"]
[SourceVersion "1"]
[SourceVersionDate "2022.07.31"]
[SourceQuality "1"]

1. d4 Nf6 2. g3 g6 3. Bg2 Bg7 4. e4 0-0 5. Nc3 d6 6. Nge2 Nc6 7. 0-0 e5 8. dxe5 dxe5 9. Bg5 Be6 10. Nd5 Bxd5 11. exd5 Ne7 12. c4 h6 13. Bxf6 Bxf6 14. c5 Nf5 15. Rc1 Qd7 16. Qd3 Rfd8 17. Rfd1 Bg7 18. Qc4 Ne7 19. Nc3 a6 20. b4 Nf5 21. Ne2 Rab8 22. Rc2 Qe7 23. a4 Bf8 24. Rdc1 Qe8 25. b5 axb5 26. Qxb5 Qxb5 27. axb5 b6 28. d6 Rdc8 29. d7 Rd8 30. cxb6 cxb6 31. Bc6 Bc5 32. Rd1 Nd4 33. Nxd4 Bxd4 1/2-1/2

[Event "HUN-chT U18"]
[Site "Budapest"]
[Date "2021.10.25"]
[Round "2.9"]
[White "Bernath, Bence"]
[Black "Gergely, Daniel1111"]
[Result "1-0"]
[WhiteElo "2154"]
[BlackElo "1958"]
[PlyCount "77"]
[EventDate "2021.10.24"]
[EventType "team-tourn"]
[EventRounds "7"]
[EventCountry "HUN"]
[SourceTitle "CBM 205 Extra"]
[Source "ChessBase"]
[SourceDate "2022.01.31"]
[SourceVersion "1"]
[SourceVersionDate "2022.01.31"]
[SourceQuality "1"]

1. e4 c5 2. Nf3 Nc6 3. d4 cxd4 4. Nxd4 g6 5. c4 Nf6 6. Nc3 d6 7. f3 Nxd4 8. Qxd4 Bg7 9. Be3 0-0 10. Qd2 a5 11. Rc1 a4 12. Be2 Qa5 13. 0-0 Be6 14. Rfd1 Rfc8 15. Nb5 Qxd2 16. Rxd2 Nd7 17. g4 Nc5 18. h3 f5 19. exf5 gxf5 20. Re1 Nd7 21. b3 fxg4 22. hxg4 Ne5 23. Bg5 Ng6 24. Bd3 Bd7 25. Bxg6 hxg6 26. Rxe7 Bxb5 27. cxb5 axb3 28. axb3 Rc5 29. Be3 Re5 30. Rxe5 dxe5 31. Rd7 Ra3 32. Rxb7 Rxb3 33. Kf2 Kf8 34. Bc5+ Kg8 35. b6 Rb5 36. Rc7 e4 37. b7 Be5 38. Re7 Bf6 39. Re8+ 1-0

[Event "Zalakaros Barczay Memorial 40th"]
[Site "Zalakaros"]
[Date "2021.09.07"]
[Round "3"]
[White "Kantor, Gergely"]
[Black "Bernath, Bence"]
[Result "1-0"]
[WhiteElo "2552"]
[BlackElo "2228"]
[PlyCount "61"]
[EventDate "2021.09.05"]
[EventType "swiss"]
[EventRounds "9"]
[EventCountry "HUN"]
[SourceTitle "CBM 204 Extra"]
[Source "ChessBase"]
[SourceDate "2021.11.30"]
[SourceVersion "1"]
[SourceVersionDate "2021.11.30"]
[SourceQuality "1"]

1. d4 Nf6 2. c4 d6 3. Nc3 Nbd7 4. e4 e5 5. Nge2 Be7 6. f3 0-0 7. Be3 c6 8. d5 c5 9. Qd2 Ne8 10. h4 Nb6 11. b3 f5 12. exf5 Bxf5 13. 0-0-0 Nc7 14. Ng3 Bd7 15. Bd3 Nc8 16. Qc2 h6 17. Nh5 Be8 18. Bg6 Bxh4 19. Bxe8 Nxe8 20. Bxh6 Bg5+ 21. Bxg5 Qxg5+ 22. Kb1 Ne7 23. Ne4 Qg6 24. Rh3 Nf5 25. Rdh1 Kf7 26. f4 b6 27. Ng5+ Ke7 28. g4 exf4 29. Qe4+ Kd7 30. Ne6 Rf7 31. gxf5 1-0

[Event "Balaton op 36th"]
[Site "Balatonlelle"]
[Date "2018.06.20"]
[Round "9"]
[White "Sardy, Peter"]
[Black "Bernath, Bence"]
[Result "1-0"]
[WhiteElo "2340"]
[BlackElo "1758"]
[PlyCount "83"]
[EventDate "2018.06.12"]
[EventType "swiss"]
[EventRounds "9"]
[EventCountry "HUN"]
[SourceTitle "CBM 185 Extra"]
[Source "ChessBase"]
[SourceDate "2018.07.29"]
[SourceVersion "1"]
[SourceVersionDate "2018.07.29"]
[SourceQuality "1"]

1. e4 e5 2. Nf3 Nc6 3. Bb5 a6 4. Ba4 d6 5. d3 b5 6. Bb3 Na5 7. Nc3 Nxb3 8. axb3 Bd7 9. 0-0 Nf6 10. d4 exd4 11. Qxd4 Be7 12. Re1 0-0 13. h3 Bc6 14. Qd3 Re8 15. Nd4 Bb7 16. Nf5 Bf8 17. Bg5 h6 18. Bd2 Qd7 19. g4 Rad8 20. f3 Kh8 21. Re2 Ng8 22. Nd5 Bxd5 23. Qxd5 c6 24. Qd3 Qa7+ 25. Kg2 d5 26. e5 g6 27. Nd4 Qb7 28. b4 c5 29. bxc5 Bxc5 30. e6 Kh7 31. Rae1 Bf8 32. h4 Bg7 33. h5 Rd6 34. Bb4 Rdd8 35. exf7 Rxe2+ 36. Rxe2 Qxf7 37. Re6 Qa7 38. Qxg6+ Kh8 39. Nf5 Rd7 40. Re8 a5 41. Nxh6 Bxh6 42. Rxg8# 1-0

[Event "Gyor op-A 7th"]
[Site "Gyor"]
[Date "2016.07.08"]
[Round "4"]
[White "Horvath, Tibor"]
[Black "Bernath, Bence"]
[Result "1-0"]
[WhiteElo "1730"]
[BlackElo "1519"]
[PlyCount "101"]
[EventDate "2016.07.06"]
[EventType "swiss"]
[EventRounds "9"]
[EventCountry "HUN"]
[SourceTitle "EXT 2017"]
[Source "ChessBase"]
[SourceDate "2016.10.25"]
[SourceVersion "1"]
[SourceVersionDate "2016.10.25"]
[SourceQuality "1"]

1. d4 Nf6 2. c4 g6 3. Nc3 Bg7 4. Nf3 0-0 5. Bg5 h6 6. Bf4 d6 7. Qd2 Kh7 8. e4 Nh5 9. Be3 Nd7 10. Be2 Nhf6 11. 0-0 e5 12. d5 Ng4 13. h3 Nxe3 14. Qxe3 Kg8 15. b4 f5 16. exf5 gxf5 17. Rac1 a6 18. a4 Qe7 19. a5 Qf7 20. Na4 Nf6 21. Qb3 Bd7 22. Rfd1 Kh8 23. Nc3 Ne4 24. Nd2 Nxc3 25. Qxc3 e4 26. Qe3 Qg6 27. f4 Rg8 28. Bf1 Bf6 29. Nb3 Qg3 30. Qxg3 Rxg3 31. Nd4 Bxd4+ 32. Rxd4 Rag8 33. Kf2 c6 34. c5 dxc5 35. Rxc5 cxd5 36. Rcxd5 e3+ 37. Ke1 Bc6 38. Rd8 Rxd8 39. Rxd8+ Kg7 40. Rc8 Be4 41. Bc4 Rxg2 42. Rg8+ Kf6 43. Rxg2 Bxg2 44. Ke2 Bxh3 45. Bd5 h5 46. Bxb7 h4 47. b5 axb5 48. a6 b4 49. a7 b3 50. a8Q b2 51. Qh8+ 1-0

[Event "HUN-chT2 Asztalos 1516"]
[Site "Hungary"]
[Date "2015.10.04"]
[Round "2.12"]
[White "Bernath, Bence"]
[Black "Gyori, Barnabas"]
[Result "1-0"]
[WhiteElo "1307"]
[BlackElo "1668"]
[PlyCount "113"]
[EventDate "2015.09.13"]
[EventType "team-tourn"]
[EventRounds "11"]
[EventCountry "HUN"]
[SourceTitle "CBM 170 Extra"]
[Source "ChessBase"]
[SourceDate "2016.02.25"]
[SourceVersion "1"]
[SourceVersionDate "2016.02.25"]
[SourceQuality "1"]
[WhiteTeam "Pet"]
[BlackTeam "Pecs Karmin"]
[WhiteTeamCountry "HUN"]
[BlackTeamCountry "HUN"]

1. e4 c5 2. Nf3 Nc6 3. d4 cxd4 4. Nxd4 Nf6 5. Nc3 e5 6. Ndb5 d6 7. Bg5 a6 8. Na3 b5 9. Nd5 Be7 10. Bxf6 Bxf6 11. c4 b4 12. Nc2 a5 13. Be2 0-0 14. 0-0 Bb7 15. Qd3 Bg5 16. Rad1 Ne7 17. Nxe7+ Qxe7 18. Qxd6 Bxe4 19. Qxe7 Bxe7 20. Bd3 Bc6 21. Rfe1 f6 22. Be4 Bxe4 23. Rxe4 Rfd8 24. Rxd8+ Rxd8 25. Kf1 Kf7 26. Ke2 Bc5 27. Ne3 Bd4 28. b3 a4 29. Nd5 axb3 30. axb3 Bc5 31. Nc7 Rd6 32. f4 exf4 33. Rxf4 Rc6 34. Nb5 Re6+ 35. Kf3 Re3+ 36. Kg4 g6 37. Rf3 Re4+ 38. Kg3 Re7 39. h3 f5 40. Rd3 Re3+ 41. Rxe3 Bxe3 42. Kf3 Bb6 43. Kf4 Ke6 44. g4 h6 45. gxf5+ gxf5 46. h4 Kf6 47. Nd6 Bc7 48. c5 Ke6 49. h5 Kf6 50. Kf3 Ke6 51. Nb5 Be5 52. c6 Kd5 53. c7 Bxc7 54. Nxc7+ Kd4 55. Kf4 Kc3 56. Nd5+ Kxb3 57. Nxb4 1-0